Egg ejection risk and hatching asynchrony predict egg mass in a communally breeding cuckoo, the Greater Ani (Crotophaga major) /
Đã lưu trong:
| Príomhúdar: | |
|---|---|
| Formáid: | Bài viết |
| Teanga: | English |
| Ábhair: | |
| Clibeanna: |
Cuir Clib Leis
Gan Chlibeanna, Bí ar an gcéad duine leis an taifead seo a chlibeáil!
|
| Thư viện lưu trữ: | Thư viện Trường Đại học Đà Lạt |
|---|
| LEADER | 00898nam a2200289 4500 | ||
|---|---|---|---|
| 001 | DLU110130892 | ||
| 005 | ##20111223 | ||
| 040 | # | # | |a DLU |b eng |
| 041 | # | # | |a eng |
| 044 | # | # | |a us |
| 100 | # | # | |a Riehl, Christina. |
| 245 | # | # | |a Egg ejection risk and hatching asynchrony predict egg mass in a communally breeding cuckoo, the Greater Ani (Crotophaga major) / |c Christina Riehl. |
| 653 | # | # | |a Allocation |
| 653 | # | # | |a Crotophaga major |
| 653 | # | # | |a Crotophaginae |
| 653 | # | # | |a Maternal effects |
| 653 | # | # | |a Maternal investment |
| 773 | # | # | |t Behavioral ecology |g Vol. 21, no. 4 (June-August 2010), p. 676-683 |
| 920 | # | # | |a Phòng Tạp chí -- Trung tâm Thông tin - Thư viện Trường Đại học Đà Lạt |
| 994 | # | # | |a DLU |
| 900 | # | # | |a True |
| 911 | # | # | |a Trương Bảo Trâm Anh |
| 925 | # | # | |a G |
| 926 | # | # | |a A |
| 927 | # | # | |a BB |
| 980 | # | # | |a Thư viện Trường Đại học Đà Lạt |